Classement école de commerce 2023 - Statistiques

Statistiques générales
  • Ce quiz a été pris 256 fois
  • Le résultat moyen est 8 sur 11
Statistiques - réponses
classement École de commerce % Correct
1 HEC
98%
2 Essec
92%
5 Edhec
86%
4 EM Lyon
80%
6 Skema
76%
7 Neoma
74%
3 ESCP
72%
9 Kedge
70%
11 Audencia
62%
10 Ieseg
47%
8 Grenoble EM
20%
Aucun quiz correspondant
Distribution des résultats
% des personnes avec chaque résultat
Percentile par nombre de réponses
Votre historique - résultats
Vous n’avez pas pris ce quiz